000 01034nam a22002177a 4500
003 0
005 20251108090443.0
008 251108b xxu||||| |||| 00| 0 eng d
020 _a978-1-5296-2319-2
050 _aH 62
_b.D39 2025
100 _aDawson, Catherine,
_eauthor.
245 _aResearch methods made simple :
_bstories, games & puzzles to help you understand /
_cCatherine Dawson.
260 _aThousand Oaks, California :
_bSAGE,
_c2025.
300 _axvii, 288 pages :
_billustration ;
_c25 cm.
500 _aIncludes index.
520 _aA practical and engaging introduction to research methods designed to support students through storytelling, games, and puzzles. The book breaks down research concepts into clear, easy-to-understand lessons and provides interactive activities that help reinforce understanding in meaningful and memorable ways.
650 _aSocial sciences
_xResearch
_xMethodology.
650 _aResearch
_xMethodology
_vProblems, exercises, etc.
650 _aStudy skills.
942 _2lcc
_cBK
999 _c368524
_d368524